000 00935nam a2200301 a 4500
001 vtls001407606
003 NLI
005 20210627113851.0
008 121127s1959 enka 000 0 eng
020 _cRs. 15.00
039 9 _y201211272046
_zVLOAD
040 _aNLI
_beng
_cDatasoft_2012
_eAACR2
041 0 _aeng
044 _a enk
082 0 4 _a 551.8028
100 1 _aBadgley, Peter C.
_9986107
245 1 0 _aStructural methods for the exploration geologist and a series of problems for structural geology students /
_cPeter C. Badgley
260 _aOxford :
_bOxford Book,
_cc1959
300 _axv, 266 p. :
_bill. ;
_c30 cm.
440 0 _aHarper's geoscience series
_9985540
500 _aLibrary has 2. cops.
650 0 _aGeology, structural
_9727179
650 0 _aGeology
_xResearch
_9981795
887 _a
901 _aDB9248
_b04.01.1967
_9c.2
902 _aS.T 551.8028 B 142
999 _aVIRTUA40
_c861925
_d861925
942 _2ddc
_cBKS